| 000 | 00552nam a2200121Ia 4500 | ||
|---|---|---|---|
| 008 | 220620s9999||||xx |||||||||||||| ||und|| | ||
| 100 | _aAtkinson, Joshua D. | ||
| 245 | 0 |
_aJourney Into Social Activism _bQualitative Approaches |
|
| 546 | _aEnglish[eng] | ||
| 650 | _aSociology||Activism||Alternative media||Content analysis||Ethnography||Focus group||Qualitative research||Social movement | ||
| 856 | _uhttps://library.oapen.org/bitstream/20.500.12657/45650/3/626395.pdf||https://library.oapen.org/bitstream/20.500.12657/45650/3/626395.pdf | ||
| 942 | _cEB | ||
| 999 |
_c33552 _d33552 |
||